Visualizzazione normale
Vista MARC
- Benedetti
di Personal Name
Records bibliografici associati: 1
001 - CONTROL NUMBER
- control field: 3408
003 - CONTROL NUMBER IDENTIFIER
- control field: IT-RoPau
005 - DATE AND TIME OF LATEST TRANSACTION
- control field: 20131125091845.0
008 - FIXED-LENGTH DATA ELEMENTS
- fixed length control field: 131125|| aca||aabn | a|a d
040 ## - CATALOGING SOURCE
- Original cataloging agency: IT-RoPau
- Transcribing agency: IT-RoPau
100 ## - HEADING--PERSONAL NAME
- Personal name: Benedetti
- Dates associated with a name: Codice autore testo/musica SPICS: 22575
- Relator term: Autore testo/musica
- Name of part/section of a work: Acquarello napoletano
670 ## - SOURCE DATA FOUND
- Source citation: Work cat.: (IT-RoPau)99992: AA.VV. 794, In giro per l'Italia